|
|
|
|
| LEADER |
01260nam a2200301 a 4500 |
| 001 |
GR-Antirio842 |
| 008 |
090528s2005 gr b 001 0 gre d |
| 020 |
|
|
|a 047086902X
|
| 040 |
|
|
|a GrPaTEI
|b gre
|c GR-PaULI
|
| 040 |
|
|
|a GrPaTEI
|b gre
|c GR-PaULI
|
| 040 |
|
|
|a GrPaTEI
|b gre
|c GR-PaULI
|
| 082 |
|
0 |
|a 004.1
|2 22
|
| 100 |
0 |
|
|a Imre, Sandor
|
| 245 |
1 |
0 |
|a Quantum computing and communications :
|b an engineering approach /
|c Imre, Sandor , Balazs, Ferenc.
|
| 260 |
|
|
|a Chichester , Hoboken, N. J. :
|b John Wiley & Sons,
|c c 2005
|
| 300 |
|
|
|a xxviii. , 283 σ. :
|b εικ. ;
|c 25 εκ.
|
| 504 |
|
|
|a Περιλαμβάνει βιβλιογραφίες και ευρετήριο.
|
| 650 |
|
0 |
|a Digital communications
|
| 650 |
|
0 |
|a QUANTUM COMPUTERS
|
| 650 |
|
0 |
|a Signal processing
|x Digital techniques
|
| 650 |
|
0 |
|a Telecommunication
|
| 653 |
|
|
|a DIGITAL COMMUNICATIONS--DATA PROCESSING
|
| 653 |
|
|
|a TELECOMMUNICATION--DATA PROCESSING
|
| 700 |
0 |
|
|a Balazs, Ferenc
|
| 942 |
|
|
|2 ddc
|
| 952 |
|
|
|0 0
|1 0
|2 ddc
|4 0
|6 004_100000000000000_IMR
|7 0
|9 262314
|a LISK-2
|b LISK-2
|c BSC
|d 2021-01-17
|e 24
|f 0
|g 0.00
|l 0
|o 004.1 IMR
|p 2430000007345
|r 2021-01-17 00:00:00
|t 1
|w 2021-01-17
|y BK15
|x 20090528 0 1
|x GrPaTEI - Antirrio
|
| 971 |
|
|
|a .b2570641x
|b 01-10-20
|c 12-09-16
|
| 999 |
|
|
|c 151268
|d 151268
|